000 00417nam a22001457a 4500
005 20231123140200.0
008 231123b |||||||| |||| 00| 0 eng d
041 _aEnglish
082 _a341.5 DUP
100 _adu Plessis, PW
_lEnglish
245 _aArbitration - A New Approach
_cPW du Plessis
300 _b102 pages ;
_c22 cm.
650 _aLegal practice
_bLaw
942 _cBK
_6ALISON_BN_VRIES
999 _c902
_d902